| 000 | 00597nam a2200253Ia 4500 | ||
|---|---|---|---|
| 008 | 190123s9999 xx 000 0 und d | ||
| 020 | _a9780545231442 | ||
| 050 | _bB852 2012 | ||
| 100 | _aBridwell, Norman | ||
| 245 | 0 | _aClifford sees America / | |
| 245 | 0 | _cby Norman Bridwell. | |
| 260 | _aNew York, New York : | ||
| 260 | _bScholastic, | ||
| 260 | _c2012 | ||
| 300 | _aunpaged : | ||
| 300 | _bcolored illustrations ; | ||
| 300 | _c23cm. | ||
| 500 | _a450L | ||
| 650 | _aDogs. | ||
| 650 | _aTravel. | ||
| 650 | _aUnited States. | ||
| 650 | _aVacations. | ||
| 700 | _aTitle. | ||
| 999 |
_c361054 _d361054 |
||